Designing for future climate change (Record no. 115022)

MARC details
000 -LEADER
fixed length control field 01152cam a22002655a 4500
001 - CONTROL NUMBER
control field L157906
008 - FIXED-LENGTH DATA ELEMENTS--GENERAL INFORMATION
fixed length control field 111006s2013 xxko f 000 0 eng d
020 ## - INTERNATIONAL STANDARD BOOK NUMBER
International Standard Book Number 9781848063136
035 ## - SYSTEM CONTROL NUMBER
System control number (Sirsi) u157906
041 0# - LANGUAGE CODE
Language code of text/sound track or separate title eng
100 1# - MAIN ENTRY--PERSONAL NAME
Personal name Beddoe, Nick
245 00 - TITLE STATEMENT
Title Designing for future climate change
Remainder of title Lessons learned from developing an Adaptation Strategy
260 ## - PUBLICATION, DISTRIBUTION, ETC.
Place of publication, distribution, etc. Watford
Name of publisher, distributor, etc. BRE
Date of publication, distribution, etc. 2013
300 ## - PHYSICAL DESCRIPTION
Extent 12p.
Other physical details ill.
Dimensions 30cm.
490 #0 - SERIES STATEMENT
Series statement BRE Information Paper
Volume/sequential designation (2/13)
520 ## - SUMMARY, ETC.
Summary, etc. Aims to share the knowledge gained through collaborative research project completed for the Technology Strategy Board with the aim of devising a commercially viable, climate change adaptation strategy for a high density office building. It should help building designers and commercial tenants to understand the likely impacts of climate change and how these may be managed through the development of a cost-effective adaptation strategy.
521 ## - TARGET AUDIENCE NOTE
Target audience note Advanced
590 ## - LOCAL NOTE (RLIN)
Local note KA
650 24 - SUBJECT ADDED ENTRY--TOPICAL TERM
Topical term or geographic name entry element CLIMATE CHANGE
650 24 - SUBJECT ADDED ENTRY--TOPICAL TERM
Topical term or geographic name entry element BUILDING ALTERATIONS
651 #4 - SUBJECT ADDED ENTRY--GEOGRAPHIC NAME
Geographic name United Kingdom
Chronological subdivision
690 ## - LOCAL SUBJECT ADDED ENTRY--TOPICAL TERM (OCLC, RLIN)
Topical term or geographic name as entry element Design and specification
700 1# - ADDED ENTRY--PERSONAL NAME
Personal name Sutton, Andy
942 ## - ADDED ENTRY ELEMENTS (KOHA)
Suppress in OPAC 0
Holdings
Withdrawn status Lost status Source of classification or shelving scheme Damaged status Not for loan Home library Current library Shelving location Date acquired Total Checkouts Full call number Barcode Date last seen Copy number Price effective from Koha item type
    Dewey Decimal Classification     London London Books 08/07/2013   BRE - INFORMATION PAPER 30075015 06/08/2019 1 06/08/2019 Book